000
00195nam a2200073Ia 4500
008
170524s9999 xx 000 0 und d
100
_a
PANT- NAVIN CHANDRA
245
0
_a
MUDRAN KE TAKNIKI SIDDHANT
260
_b
TAKSHILA : NEW DELHI
999
_c
9111
_d
9111